Entourage de Jotaro dans Jojo's Bizarre Adventure - Statistiques

Statistiques générales
  • Ce quiz a été pris 73 fois
  • Le résultat moyen est 6 sur 8
Statistiques - réponses
Personnage % Correct
Joseph Joestar
98%
Mohammed Abdul
94%
Jean-Pierre Polnareff
92%
Iggy
89%
Noriaki Kakyoin
88%
Jolyne Cujoh
67%
Josuke Higashikata
64%
Holy Kujo
56%
Aucun quiz correspondant
Distribution des résultats
% des personnes avec chaque résultat
Percentile par nombre de réponses
Votre historique - résultats
Vous n’avez pas pris ce quiz